From Galbraith to economic freedom

Saved in:
Bibliographic Details
Main Author: Friedman, Milton
Format: Book
Language:English
Published: London Institute of economic affairs 1978
Tags: Add Tag
No Tags, Be the first to tag this record!

MARC

LEADER 00000nam a2200000 4500
001 c140629
005 20220408120546.9
041 0 |a eng 
044 |a GB 
245 1 0 |a From Galbraith to economic freedom  |c Milton Friedman 
264 1 |a London  |b Institute of economic affairs  |c 1978 
300 |a 64 s. 
100 1 |a Friedman, Milton